<?xml version="1.0" encoding="UTF-8"?>
<record
    xmlns:xsi="http://www.w3.org/2001/XMLSchema-instance"
    xsi:schemaLocation="http://www.loc.gov/MARC21/slim http://www.loc.gov/standards/marcxml/schema/MARC21slim.xsd"
    xmlns="http://www.loc.gov/MARC21/slim">

  <leader>00914nam a2200241 a 4500</leader>
  <controlfield tag="001">BRCA_8443</controlfield>
  <controlfield tag="005">20190320210300.0</controlfield>
  <controlfield tag="008">111115s19uu----fr-a######---#000-0#fre-#</controlfield>
  <datafield tag="041" ind1=" " ind2=" ">
    <subfield code="a">fre</subfield>
  </datafield>
  <datafield tag="044" ind1=" " ind2=" ">
    <subfield code="a">fr</subfield>
  </datafield>
  <datafield tag="050" ind1=" " ind2="4">
    <subfield code="a">TT779</subfield>
    <subfield code="b">.D55 1909</subfield>
  </datafield>
  <datafield tag="100" ind1="1" ind2=" ">
    <subfield code="a">Dillmont, Th&#xE9;r&#xE8;se de</subfield>
    <subfield code="d">1846-1890</subfield>
    <subfield code="9">21138</subfield>
  </datafield>
  <datafield tag="245" ind1="1" ind2="0">
    <subfield code="a">Les Dentelles aux Fuseaux</subfield>
    <subfield code="b">1re s&#xE9;rie : patrons nos 1-55 pour l&#xB4;ex&#xE9;cution des dentelles</subfield>
    <subfield code="c">[Th&#xE9;r&#xE8;se de Dillmont].</subfield>
  </datafield>
  <datafield tag="260" ind1=" " ind2=" ">
    <subfield code="a">[Mulhouse</subfield>
    <subfield code="b">Th. de Dillmont</subfield>
    <subfield code="c">1909]</subfield>
  </datafield>
  <datafield tag="300" ind1=" " ind2=" ">
    <subfield code="a">55 patrones (hojas plegables sueltas)</subfield>
    <subfield code="b">il.</subfield>
    <subfield code="c">23 cm.</subfield>
  </datafield>
  <datafield tag="440" ind1=" " ind2="0">
    <subfield code="a">Biblioth&#xE8;que D.M.C</subfield>
    <subfield code="9">6101</subfield>
  </datafield>
  <datafield tag="500" ind1=" " ind2=" ">
    <subfield code="a">Originalmente este material se compone de 1 libro de 176 p. con 55 patrones, la persona que lo dono solo entrego los 55 patrones</subfield>
  </datafield>
  <datafield tag="500" ind1=" " ind2=" ">
    <subfield code="a">Estado f&#xED;sico: encuadernado, enero 2016</subfield>
  </datafield>
  <datafield tag="650" ind1="1" ind2="4">
    <subfield code="a">Patrones de encaje</subfield>
    <subfield code="9">21139</subfield>
  </datafield>
  <datafield tag="650" ind1="1" ind2="4">
    <subfield code="a">Confecci&#xF3;n</subfield>
    <subfield code="9">21140</subfield>
  </datafield>
  <datafield tag="653" ind1="0" ind2=" ">
    <subfield code="a">Encaje de bolillos</subfield>
  </datafield>
  <datafield tag="942" ind1=" " ind2=" ">
    <subfield code="2">lcc</subfield>
    <subfield code="c">B</subfield>
  </datafield>
  <datafield tag="999" ind1=" " ind2=" ">
    <subfield code="c">8110</subfield>
    <subfield code="d">8110</subfield>
  </datafield>
  <datafield tag="952" ind1=" " ind2=" ">
    <subfield code="0">0</subfield>
    <subfield code="1">0</subfield>
    <subfield code="4">0</subfield>
    <subfield code="7">0</subfield>
    <subfield code="a">BRCA</subfield>
    <subfield code="b">BRCA</subfield>
    <subfield code="d">2015-10-26</subfield>
    <subfield code="l">0</subfield>
    <subfield code="o">TT779 .D55 1909</subfield>
    <subfield code="p">02907</subfield>
    <subfield code="r">2019-03-22 00:00:00</subfield>
    <subfield code="w">2019-03-22</subfield>
    <subfield code="y">B</subfield>
  </datafield>
</record>
